| 000 | 00687nam a2200205 a 4500 | ||
|---|---|---|---|
| 005 | 20171204182008.0 | ||
| 008 | 140227b mx bd||fr|||| 00| 0 spa d | ||
| 040 |
_aCO-BoIAVH _cCO-BoIAVH |
||
| 041 | 0 | _aspa | |
| 044 | _abo | ||
| 082 | 0 | 4 |
_a305.898 _bOi5o |
| 110 |
_bOIMT : Organización Internacional de Maderas Tropicales _987620 |
||
| 245 | _aManejo forestal participativo por los pueblos indígenas de la región Chimanes | ||
| 260 |
_aBolivia : _bOIMT ; _c[S/F]. |
||
| 300 |
_a51 páginas. _bmapas y gráficas. _c30 x 21 cm. |
||
| 650 |
_aManejo forestal _987621 |
||
| 650 |
_aComunidades indígenas _987622 |
||
| 650 |
_aAprovechamiento forestal _987623 |
||
| 942 |
_cLIBRO _2ddc |
||
| 999 |
_c1405 _d1405 |
||